Colleges of Cambridge University - Sudden Death - Statistics

General Stats
  • This quiz has been taken 88 times
  • The average score is 12 of 17
Answers on the Grid
Answers color-coded by a green-red scale on the quiz's grid according to % correct below.
Hertford
St. Catharine's
All Saints
Murray Edwards
Trevelyan
Newnham
St. Cedd's
Porterhouse
St. John's
Selwyn
Lawrence
St. Andrew's
Gonville & Caius
Pembridge
Emmanuel
Churchill
St. Dunstan's
Wolfson
Boniface
Trinity Hall
Baillie
St. Margaret's
Sidney Sussex
Lucy Cavendish
Corpus Christi
St. Agatha's
Jesus
St. Martin's
Clare
Hughes Hall
Mandeville
Robinson
 
Answer Stats
Answer % Correct
St. Catharine's
83%
Jesus
80%
Newnham
80%
Trinity Hall
78%
Clare
77%
Gonville & Caius
77%
Corpus Christi
75%
Emmanuel
73%
Selwyn
73%
St. John's
73%
Murray Edwards
70%
Sidney Sussex
70%
Lucy Cavendish
69%
Wolfson
69%
Churchill
66%
Hughes Hall
66%
Robinson
66%
No matching quizzes found
Score Distribution
Percent of People with Each Score
Percentile by Number Answered
Your Score History
You have not taken this quiz